<?xml version="1.0" encoding="UTF-8"?>
<record
    xmlns:xsi="http://www.w3.org/2001/XMLSchema-instance"
    xsi:schemaLocation="http://www.loc.gov/MARC21/slim http://www.loc.gov/standards/marcxml/schema/MARC21slim.xsd"
    xmlns="http://www.loc.gov/MARC21/slim">

  <leader>01245nam a2200325 i 4500</leader>
  <controlfield tag="001">188423</controlfield>
  <controlfield tag="003">SpMaBN</controlfield>
  <controlfield tag="005">20231219133702.0</controlfield>
  <controlfield tag="008">180920s2016    sp a         |||| |dspa d</controlfield>
  <datafield tag="020" ind1=" " ind2=" ">
    <subfield code="a">978-84-220-1902-2</subfield>
  </datafield>
  <datafield tag="080" ind1=" " ind2=" ">
    <subfield code="a">27-9(460.288)</subfield>
  </datafield>
  <datafield tag="080" ind1=" " ind2=" ">
    <subfield code="a">272-722.52(460.288.2)</subfield>
  </datafield>
  <datafield tag="080" ind1=" " ind2=" ">
    <subfield code="a">272-772(460.288.2)</subfield>
  </datafield>
  <datafield tag="100" ind1="1" ind2=" ">
    <subfield code="a">Vilar, Mar&#xED;a Jos&#xE9;.</subfield>
    <subfield code="9">114799</subfield>
  </datafield>
  <datafield tag="245" ind1="1" ind2="3">
    <subfield code="a">La di&#xF3;cesis de Albacete </subfield>
    <subfield code="b">: una aproximaci&#xF3;n al catolicismo espa&#xF1;ol actual / </subfield>
    <subfield code="c">Mar&#xED;a Jos&#xE9; Vilar.</subfield>
  </datafield>
  <datafield tag="260" ind1=" " ind2=" ">
    <subfield code="a">Madrid : </subfield>
    <subfield code="b">Biblioteca de Autores Cristianos, </subfield>
    <subfield code="c">2016.</subfield>
  </datafield>
  <datafield tag="300" ind1=" " ind2=" ">
    <subfield code="a">XXII, 173 p. : </subfield>
    <subfield code="b">il. ; </subfield>
    <subfield code="c">21 cm.</subfield>
  </datafield>
  <datafield tag="490" ind1="1" ind2=" ">
    <subfield code="a">Estudios y ensayos BAC ; </subfield>
    <subfield code="v">195. </subfield>
    <subfield code="a">Historia</subfield>
  </datafield>
  <datafield tag="500" ind1=" " ind2=" ">
    <subfield code="a">&#xCD;ndices.</subfield>
  </datafield>
  <datafield tag="504" ind1=" " ind2=" ">
    <subfield code="a">Bibliograf&#xED;a: p. [117]-147.</subfield>
  </datafield>
  <datafield tag="610" ind1="2" ind2="7">
    <subfield code="a">Albacete (Di&#xF3;cesis)</subfield>
    <subfield code="9">165521</subfield>
  </datafield>
  <datafield tag="650" ind1=" " ind2="7">
    <subfield code="a">Obispos-</subfield>
    <subfield code="z">Albacete.</subfield>
    <subfield code="9">165522</subfield>
  </datafield>
  <datafield tag="651" ind1=" " ind2="7">
    <subfield code="a">Albacete (Provincia)-</subfield>
    <subfield code="x">Historia eclesi&#xE1;stica.</subfield>
    <subfield code="9">165523</subfield>
  </datafield>
  <datafield tag="830" ind1="0" ind2=" ">
    <subfield code="a">Estudios y ensayos BAC ; </subfield>
    <subfield code="v">195. </subfield>
    <subfield code="a">Historia</subfield>
    <subfield code="9">225130</subfield>
  </datafield>
  <datafield tag="852" ind1=" " ind2=" ">
    <subfield code="a">ES-MaACL</subfield>
    <subfield code="j">A-14253</subfield>
    <subfield code="9">195553</subfield>
    <subfield code="b">R.151528</subfield>
    <subfield code="c">DEPO1</subfield>
    <subfield code="d">Olim: N-7253 </subfield>
    <subfield code="g">Dedicatoria aut&#xF3;grafa de la autora</subfield>
    <subfield code="h">Donaci&#xF3;n: Mar&#xED;a Jos&#xE9; Vilar </subfield>
  </datafield>
  <datafield tag="903" ind1=" " ind2=" ">
    <subfield code="9">114799</subfield>
    <subfield code="a">Vilar, Mar&#xED;a Jos&#xE9;</subfield>
    <subfield code="e">dnr</subfield>
  </datafield>
  <datafield tag="942" ind1=" " ind2=" ">
    <subfield code="2">udc</subfield>
    <subfield code="c">MONOGRAFIA</subfield>
  </datafield>
  <datafield tag="999" ind1=" " ind2=" ">
    <subfield code="c">188423</subfield>
    <subfield code="d">188423</subfield>
  </datafield>
  <datafield tag="952" ind1=" " ind2=" ">
    <subfield code="0">0</subfield>
    <subfield code="1">0</subfield>
    <subfield code="2">udc</subfield>
    <subfield code="4">0</subfield>
    <subfield code="7">0</subfield>
    <subfield code="a">ATENEOM</subfield>
    <subfield code="b">ATENEOM</subfield>
    <subfield code="c">DEPO1</subfield>
    <subfield code="d">2018-09-20</subfield>
    <subfield code="e">DONACION</subfield>
    <subfield code="l">0</subfield>
    <subfield code="o">A-14253</subfield>
    <subfield code="p">1199322</subfield>
    <subfield code="r">2023-02-23 00:00:00</subfield>
    <subfield code="w">2023-02-23</subfield>
    <subfield code="y">MONOGRAFIA</subfield>
    <subfield code="z">Dedicatoria aut&#xF3;grafa de la autora</subfield>
  </datafield>
</record>
